Mi primer larousse de leyendas de la mitología /
Guardado en:
| Autor Principal: | |
|---|---|
| Otros Autores: | , , , , , , , , , , , |
| Formato: | Libro |
| Publicado: |
Buenos Aires :
Larousse,
2013
|
| Edición: | 1a. reimp. |
| Materias: | |
| Etiquetas: |
Agregar Etiqueta
Sin Etiquetas, Sea el primero en etiquetar este registro!
|
| LEADER | 01912nam a22003735a 4500 | ||
|---|---|---|---|
| 001 | CEM.cems020340 | ||
| 008 | 230814s2013##################000#0#####d | ||
| 005 | 20230814180028.0 | ||
| 245 | 1 | 0 | |a Mi primer larousse de leyendas de la mitología / |c Selección a cargo de Thérèse de Cherisey y Vanessa Henriette. |
| 250 | |a 1a. reimp. | ||
| 260 | |a Buenos Aires : |b Larousse, |c 2013 | ||
| 300 | |a 192 p. | ||
| 500 | |a A partir de 6 años. Edición especial del Ministerio de Educación de la Nación. | ||
| 505 | 0 | |a Jasón y el vellocino de oro / Ilustrado por Ajoscha Blau -- Teseo y el minotauro / Ilustrado por Magali Bardos -- Dédalo e Ícaro / Ilustrado por Clotilde Perrin -- Hércules, el héroe más célebre / Ilustrado por Ronan Badel -- Midas, el rey codicioso / Ilustrado por Sandra Desmaziéres -- Pigmalión y su mujer de ensueño / Ilustrado por Hélene Georges -- Eros y psique / Ilustrado por Aurélie Guillerey -- Faetón y el carruaje del sol / Ilustrado por Aurore Callias -- El desafío de Aracné / Ilustrado por Renaud Perrin -- Perseo, el vencedor de medusa / Ilustrado por Juliette Planque -- Las aventuras de Ulises / Ilustrado por Jean-Francois Martin | |
| 020 | |a 9789505381098 | ||
| 100 | 1 | |a Thérèse de Cherisey, comp. | |
| 700 | 1 | |a Henriette, Vanessa; comp. | |
| 700 | 1 | |a Blau, Aljoscha; il. | |
| 700 | 1 | |a Bardos, Magali; il. | |
| 700 | 1 | |a Perrin, Clotilde; il. | |
| 700 | 1 | |a Badel, Ronan; il. | |
| 700 | 1 | |a Desmaziéres, Sandra; il. | |
| 700 | 1 | |a Georges, Hélena; il. | |
| 700 | 1 | |a Guillerey, Aurélie; il. | |
| 700 | 1 | |a Callias, Aurore; il. | |
| 700 | 1 | |a Perrin, Renaud; il. | |
| 700 | 1 | |a Planque Juliette; il. | |
| 700 | 1 | |a Martin, Jean-francois; il. | |
| 653 | |a Literatura | ||
| 653 | |a Literatura griega | ||
| 653 | |a Literatura infantil | ||
| 653 | |a Mitos | ||
| 653 | |a Mitología griega | ||
| 859 | |a CEMS |b BIB. CEMS - Inicial y Primaria |h 883 |i D340 |k IP |p 883 |t Ej.1 | ||
